[Event "Qatar Masters op"]
[Site "Doha"]
[Date "2023.10.19"]
[Round "8"]
[White "Carlsen, Magnus"]
[Black "Kaidanov, Gregory S"]
[Result "1-0"]
[WhiteElo "2839"]
[BlackElo "2554"]
[PlyCount "87"]
[EventDate "2023.10.11"]
[EventType "swiss"]
[EventRounds "9"]
[EventCountry "QAT"]
[SourceTitle "EXT 2025"]
[Source "ChessBase"]
[SourceDate "2024.10.14"]
[SourceVersion "1"]
[SourceVersionDate "2024.10.14"]
[SourceQuality "1"]

1. d4 d5 2. Bf4 c5 3. e3 Nc6 4. c3 Nf6 5. Nd2 e6 6. Ngf3 cxd4 7. exd4 Nh5 8. Be3 Bd6 9. Bd3 Nf4 10. Bxf4 Bxf4 11. 0-0 0-0 12. Re1 Bd7 13. Nb3 b6 14. Qe2 g6 15. a4 f6 16. Bb5 Qc7 17. a5 Rae8 18. g3 Bh6 19. axb6 axb6 20. c4 dxc4 21. Qxc4 Qd6 22. Ra6 Rb8 23. Nc5 Nxd4 24. Nxd4 Qxc5 25. Ra7 Rbd8 26. b4 Qxc4 27. Bxc4 Rfe8 28. b5 Bc8 29. Nc6 Rd6 30. Rc7 Bd7 31. Ra1 Bf8 32. Raa7 Bxc6 33. bxc6 Rd1+ 34. Kg2 Rc1 35. Ra4 b5 36. Bxb5 Rc5 37. Bc4 Bd6 38. Rb7 Kh8 39. Bxe6 Re7 40. Rxe7 Bxe7 41. Ra8+ Kg7 42. Ra7 Rxc6 43. Rxe7+ Kf8 44. Rf7+ 1-0

[Event "Qatar Masters op"]
[Site "Doha"]
[Date "2023.10.17"]
[Round "6"]
[White "Salem, AR Saleh"]
[Black "Kaidanov, Gregory S"]
[Result "1/2-1/2"]
[WhiteElo "2632"]
[BlackElo "2554"]
[PlyCount "89"]
[EventDate "2023.10.11"]
[EventType "swiss"]
[EventRounds "9"]
[EventCountry "QAT"]
[SourceTitle "EXT 2025"]
[Source "ChessBase"]
[SourceDate "2024.10.14"]
[SourceVersion "1"]
[SourceVersionDate "2024.10.14"]
[SourceQuality "1"]

1. d4 d5 2. c4 dxc4 3. Nf3 Nf6 4. e3 e6 5. Bxc4 c5 6. 0-0 a6 7. a4 Nc6 8. Qe2 cxd4 9. Rd1 Be7 10. exd4 0-0 11. Nc3 Nb4 12. Ne5 Bd7 13. Bf4 Bc6 14. Nxc6 bxc6 15. a5 Bd6 16. Be5 Qe7 17. Na4 Nd7 18. Bxd6 Qxd6 19. Ra3 Rfd8 20. h4 Qc7 21. h5 h6 22. Rg3 Qf4 23. Rf3 Qg4 24. Rb3 Qxe2 25. Bxe2 Rab8 26. Rc1 Nd5 27. Ra3 Ne7 28. Nc3 Ra8 29. Ra4 Nf6 30. Rc4 Ne8 31. Rb4 Nd6 32. Rb6 Nb5 33. Nxb5 cxb5 34. Bf3 Ra7 35. Bb7 Nd5 36. Bxd5 Rxd5 37. Rc5 Rxd4 38. Rc8+ Kh7 39. Rbb8 g6 40. Rh8+ Kg7 41. Rbg8+ Kf6 42. hxg6 fxg6 43. Rxh6 Rg7 44. Ra8 Rd1+ 45. Kh2 1/2-1/2

[Event "WchT Seniors 50"]
[Site "Struga"]
[Date "2023.09.27"]
[Round "8.1"]
[White "Kaidanov, Gregory S"]
[Black "Braso, Jorge"]
[Result "1-0"]
[WhiteElo "2549"]
[BlackElo "2058"]
[PlyCount "61"]
[EventDate "2023.09.19"]
[EventType "team-swiss"]
[EventRounds "9"]
[EventCountry "MKD"]
[SourceTitle "CBM 216 Extra"]
[Source "ChessBase"]
[SourceDate "2023.11.30"]
[SourceVersion "1"]
[SourceVersionDate "2023.11.30"]
[SourceQuality "1"]
[WhiteTeam "USA 50"]
[BlackTeam "Uruguay 50"]
[WhiteTeamCountry "USA"]
[BlackTeamCountry "URU"]

1. Nf3 Nf6 2. c4 e6 3. g3 d5 4. d4 dxc4 5. Bg2 c5 6. 0-0 Nc6 7. Qa4 Bd7 8. Qxc4 cxd4 9. Nxd4 Nxd4 10. Qxd4 Bc6 11. Bxc6+ bxc6 12. Qa4 Qb6 13. Be3 Qb5 14. Nc3 Qxa4 15. Nxa4 Be7 16. Rac1 Kd7 17. Rfd1+ Kc7 18. Rc4 Kb7 19. Rd3 Nd5 20. Bd4 Rhd8 21. Rb3+ Kc7 22. Bxg7 f6 23. Bh6 Nb6 24. Rh4 Nxa4 25. Rxa4 Rd5 26. Rh4 Kd6 27. Bf4+ e5 28. Be3 f5 29. Rh6+ Kc7 30. Rxh7 f4 31. Bxf4 1-0

[Event "WchT Seniors 50"]
[Site "Struga"]
[Date "2023.09.20"]
[Round "2.2"]
[White "Pajkovic, Vladimir"]
[Black "Kaidanov, Gregory S"]
[Result "0-1"]
[WhiteElo "2412"]
[BlackElo "2549"]
[PlyCount "78"]
[EventDate "2023.09.19"]
[EventType "team-swiss"]
[EventRounds "9"]
[EventCountry "MKD"]
[SourceTitle "CBM 216 Extra"]
[Source "ChessBase"]
[SourceDate "2023.11.30"]
[SourceVersion "1"]
[SourceVersionDate "2023.11.30"]
[SourceQuality "1"]
[WhiteTeam "Montenegro 50"]
[BlackTeam "USA 50"]
[WhiteTeamCountry "MNE"]
[BlackTeamCountry "USA"]

1. c4 e6 2. Nf3 d5 3. g3 Nf6 4. Bg2 d4 5. 0-0 c5 6. e3 Nc6 7. d3 h6 8. Na3 e5 9. Re1 Be7 10. exd4 exd4 11. Bf4 0-0 12. Ne5 Nxe5 13. Bxe5 Bd6 14. Nb5 Bxe5 15. Rxe5 a6 16. Na3 Qd6 17. Qe1 Bd7 18. Bxb7 Rab8 19. Bg2 Rxb2 20. Re2 Rxe2 21. Qxe2 Re8 22. Qd2 Qe5 23. Rd1 Qe2 24. Nb1 Ba4 25. Rc1 Qh5 26. Re1 Rxe1+ 27. Qxe1 Bc2 28. Bf1 Qf5 29. Nd2 Bxd3 30. Bg2 Kf8 31. Bb7 a5 32. Bc6 g5 33. f3 Qe6 34. Qxe6 fxe6 35. Bb5 Bc2 36. Kf2 Ke7 37. Ke2 Kd6 38. Nf1 e5 39. Nd2 g4 0-1

[Event "USA-ch Seniors"]
[Site "Saint Louis"]
[Date "2023.07.22"]
[Round "7"]
[White "Kaidanov, Gregory S"]
[Black "Khachiyan, Melikset"]
[Result "1/2-1/2"]
[WhiteElo "2563"]
[BlackElo "2403"]
[PlyCount "50"]
[EventDate "2023.07.15"]
[EventType "tourn"]
[EventRounds "9"]
[EventCountry "USA"]
[EventCategory "10"]
[SourceTitle "CBM 215 Extra"]
[Source "ChessBase"]
[SourceDate "2023.09.30"]
[SourceVersion "1"]
[SourceVersionDate "2023.09.30"]
[SourceQuality "1"]

1. d4 d5 2. c4 c6 3. Nc3 Nf6 4. e3 a6 5. Nf3 b5 6. b3 Bg4 7. a4 b4 8. Ne2 Bxf3 9. gxf3 Nbd7 10. Ng3 h5 11. h4 e6 12. e4 Be7 13. a5 g6 14. Be2 Kf8 15. Bf4 Ne8 16. Qd2 Kg7 17. exd5 cxd5 18. cxd5 exd5 19. Rg1 Kg8 20. Nf5 Ng7 21. Nxe7+ Qxe7 22. Bg5 Qd6 23. Bf4 Qe7 24. Bg5 Qd6 25. Bf4 Qe7 1/2-1/2

[Event "USA-ch Seniors"]
[Site "Saint Louis"]
[Date "2023.07.21"]
[Round "6"]
[White "Gurevich, Dmitry"]
[Black "Kaidanov, Gregory S"]
[Result "1/2-1/2"]
[WhiteElo "2364"]
[BlackElo "2563"]
[PlyCount "96"]
[EventDate "2023.07.15"]
[EventType "tourn"]
[EventRounds "9"]
[EventCountry "USA"]
[EventCategory "10"]
[SourceTitle "CBM 215 Extra"]
[Source "ChessBase"]
[SourceDate "2023.09.30"]
[SourceVersion "1"]
[SourceVersionDate "2023.09.30"]
[SourceQuality "1"]

1. d4 d5 2. Nf3 Nf6 3. c4 e6 4. e3 c5 5. Nc3 Nc6 6. a3 a6 7. dxc5 Bxc5 8. b4 Bd6 9. Bb2 0-0 10. cxd5 exd5 11. Be2 Re8 12. 0-0 Bc7 13. Rc1 Qd6 14. b5 Na5 15. bxa6 bxa6 16. Na4 Bg4 17. g3 Rac8 18. Bxf6 Qxf6 19. Qd4 Qxd4 20. Nxd4 Bxe2 21. Nxe2 Bd6 22. Nb6 Rxc1 23. Rxc1 Rb8 24. Nxd5 Bxa3 25. Rc7 Nb3 26. Nec3 h6 27. Kg2 a5 28. h4 Bd6 29. Rc6 Bb4 30. Ra6 Nc5 31. Ra7 Nd3 32. g4 Rc8 33. Ne4 Rc4 34. f3 Ne5 35. Nxb4 axb4 36. Kg3 Rc2 37. Rb7 Nd3 38. g5 Rc1 39. Nd6 hxg5 40. hxg5 Rg1+ 41. Kh4 f6 42. gxf6 gxf6 43. Ne4 f5 44. Nf6+ Kf8 45. Nd7+ Ke8 46. Nf6+ Kf8 47. Nh7+ Kg8 48. Nf6+ Kf8 1/2-1/2

[Event "USA-ch Seniors"]
[Site "Saint Louis"]
[Date "2023.07.15"]
[Round "1"]
[White "Kaidanov, Gregory S"]
[Black "Wolff, Patrick G"]
[Result "1-0"]
[WhiteElo "2563"]
[BlackElo "2545"]
[PlyCount "65"]
[EventDate "2023.07.15"]
[EventType "tourn"]
[EventRounds "9"]
[EventCountry "USA"]
[EventCategory "10"]
[SourceTitle "CBM 215 Extra"]
[Source "ChessBase"]
[SourceDate "2023.09.30"]
[SourceVersion "1"]
[SourceVersionDate "2023.09.30"]
[SourceQuality "1"]

1. e4 c5 2. Nf3 d6 3. d4 cxd4 4. Nxd4 Nf6 5. Nc3 a6 6. f3 e5 7. Nb3 Be6 8. Be3 h5 9. Qd2 Nbd7 10. Nd5 Bxd5 11. exd5 g6 12. Be2 Bg7 13. 0-0 Rc8 14. Na5 Qc7 15. c4 e4 16. f4 Ng4 17. Bxg4 hxg4 18. Rae1 f5 19. b4 0-0 20. c5 dxc5 21. d6 Qb6 22. bxc5 Rxc5 23. Nb3 Qc6 24. Nxc5 Nxc5 25. Rc1 b6 26. Rfd1 Rd8 27. Qd5+ Qxd5 28. Rxd5 Kf7 29. Bxc5 bxc5 30. Rcxc5 Ke6 31. d7 Rxd7 32. Rxd7 Kxd7 33. Ra5 1-0

[Event "Titled Tuesday intern op 27th Jun Early"]
[Site "Chess.com INT"]
[Date "2023.06.27"]
[Round "1"]
[White "Kaidanov, Gregory S"]
[Black "Zaksaite, Salomeja"]
[Result "1-0"]
[WhiteElo "2563"]
[BlackElo "2304"]
[PlyCount "55"]
[EventDate "2023.06.27"]
[EventType "swiss (blitz)"]
[EventRounds "11"]
[EventCountry "USA"]
[SourceTitle "EXT 2024"]
[Source "ChessBase"]
[SourceDate "2023.10.10"]
[SourceVersion "1"]
[SourceVersionDate "2023.10.10"]
[SourceQuality "1"]

1. d4 Nf6 2. c4 g6 3. Nc3 Bg7 4. e4 d6 5. Be2 0-0 6. Bg5 c5 7. d5 e6 8. Qd2 exd5 9. exd5 Qb6 10. Nf3 Bf5 11. Nh4 Ne4 12. Nxe4 Bxe4 13. f3 h6 14. Bxh6 Bxh6 15. Qxh6 Qxb2 16. Rc1 Re8 17. fxe4 Rxe4 18. 0-0 Qd4+ 19. Kh1 Rxh4 20. Qg5 Nd7 21. Qe7 Ne5 22. Rcd1 Qe4 23. Qxb7 Re8 24. Rf2 Kg7 25. Rdf1 Rxh2+ 26. Kxh2 Rh8+ 27. Kg1 Rf8 28. Qb2 1-0

[Event "Titled Tuesday intern op 27th Jun Early"]
[Site "Chess.com INT"]
[Date "2023.06.27"]
[Round "6"]
[White "Reprintsev, Alexander"]
[Black "Kaidanov, Gregory S"]
[Result "1/2-1/2"]
[WhiteElo "2238"]
[BlackElo "2563"]
[PlyCount "109"]
[EventDate "2023.06.27"]
[EventType "swiss (blitz)"]
[EventRounds "11"]
[EventCountry "USA"]
[SourceTitle "EXT 2024"]
[Source "ChessBase"]
[SourceDate "2023.10.10"]
[SourceVersion "1"]
[SourceVersionDate "2023.10.10"]
[SourceQuality "1"]

1. e4 e5 2. Nf3 Nc6 3. Bc4 Bc5 4. b4 Bxb4 5. c3 Be7 6. d4 Na5 7. Be2 exd4 8. Qxd4 Nf6 9. e5 Nc6 10. Qh4 Nd5 11. Qg3 g6 12. Bh6 d6 13. 0-0 dxe5 14. Rd1 e4 15. Ng5 Bd6 16. Qh4 Nde7 17. Nxe4 Nf5 18. Qxd8+ Nxd8 19. Nxd6+ cxd6 20. Bf4 Ne6 21. Bxd6 Nxd6 22. Rxd6 Ke7 23. Rd2 Bd7 24. Na3 Bc6 25. Nc4 Rhd8 26. Rb2 b6 27. a4 Nc5 28. a5 Rab8 29. axb6 axb6 30. Rxb6 Rxb6 31. Nxb6 Rd2 32. Bf3 Bxf3 33. gxf3 Nd3 34. Ra7+ Kf8 35. Rd7 Rd1+ 36. Kg2 Nf4+ 37. Kg3 Ne2+ 38. Kh3 Rg1 39. Nd5 Rg5 40. c4 Ng1+ 41. Kh4 Nxf3+ 42. Kh3 Rg1 43. Ne3 Ng5+ 44. Kh4 Nf3+ 45. Kh3 h5 46. Rd1 Ng5+ 47. Kh4 Nf3+ 48. Kh3 Rg5 49. Rd5 f5 50. c5 Rg1 51. c6 Ng5+ 52. Kh4 Nf3+ 53. Kh3 Ng5+ 54. Kh4 Nf3+ 55. Kh3 1/2-1/2

[Event "Titled Tuesday intern op 27th Jun Early"]
[Site "Chess.com INT"]
[Date "2023.06.27"]
[Round "10"]
[White "Sethuraman, SP."]
[Black "Kaidanov, Gregory S"]
[Result "1-0"]
[WhiteElo "2606"]
[BlackElo "2563"]
[PlyCount "65"]
[EventDate "2023.06.27"]
[EventType "swiss (blitz)"]
[EventRounds "11"]
[EventCountry "USA"]
[SourceTitle "EXT 2024"]
[Source "ChessBase"]
[SourceDate "2023.10.10"]
[SourceVersion "1"]
[SourceVersionDate "2023.10.10"]
[SourceQuality "1"]

1. e4 e5 2. Nf3 Nc6 3. Bc4 Bc5 4. d3 Nf6 5. c3 a6 6. a4 d6 7. Bg5 h6 8. Bh4 Qe7 9. Nbd2 Ba7 10. 0-0 g5 11. Bg3 Nh7 12. b4 h5 13. h4 g4 14. Ne1 Nf8 15. Nc2 Ng6 16. Ne3 Be6 17. b5 Nd8 18. bxa6 bxa6 19. d4 exd4 20. Nf5 Bxf5 21. exf5 Ne5 22. Re1 0-0 23. Qc1 Qf6 24. Ne4 Qg7 25. Bd5 Rb8 26. cxd4 Bxd4 27. Qxc7 Ndc6 28. Rad1 Rbc8 29. Qxd6 Rfd8 30. Bxe5 Nxe5 31. Qxa6 Rxd5 32. Nf6+ Kh8 33. Qxc8+ 1-0